logo

Bir Sreshtho Munshi Abdur Rouf Library
Jhenaidah Cadet College

শার্লক হোমস : (Record no. 10749)

MARC details
000 -LEADER
fixed length control field 00729nam a2200217 a 4500
001 - CONTROL NUMBER
JCCL Control Number 10749
003 - CONTROL NUMBER IDENTIFIER
JCCL marc code BD-JhCC
005 - DATE AND TIME OF LATEST TRANSACTION
control field 20220829134022.0
008 - FIXED-LENGTH DATA ELEMENTS--GENERAL INFORMATION
fixed length control field 180903s20162003bg |||| |||| 000 0 ben d
020 ## - INTERNATIONAL STANDARD BOOK NUMBER
International Standard Book Number 978817756318
035 ## - SYSTEM CONTROL NUMBER
system control number (BD-JhCC)10749
040 ## - CATALOGING SOURCE
Original cataloging agency BD-JhCC
Modifying agency BD-JhCC
041 ## - LANGUAGE CODE
Language code of Book ben
082 ## - DEWEY DECIMAL CLASSIFICATION NUMBER
Classification number 891.4435
Author mark and Year DOY 2016
100 ## - MAIN ENTRY--PERSONAL NAME
Personal name ডয়েল, সার আর্থার কোনান
245 ## - TITLE STATEMENT
Title শার্লক হোমস :
Remainder of title গল্পসংগ্রহ /
Statement of responsibility, etc সার আর্থার কোনান ডয়েল,
260 ## - PUBLICATION, DISTRIBUTION, ETC. (IMPRINT)
Place of publication, distribution, etc কলকাতা :
Name of publisher, distributor, etc আনন্দ,
Date of publication, distribution, etc ২০১৬
300 ## - PHYSICAL DESCRIPTION
Pagination ৪৮৭ পৃ. :
Dimensions ২২ সেমি.
650 ## - SUBJECT ADDED ENTRY--TOPICAL TERM
Topical term or geographic name as entry element stories
942 ## - ADDED ENTRY ELEMENTS (KOHA)
Source of classification or shelving scheme Dewey Decimal Classification
Koha item type Books
Koha issues (borrowed), all copies 36
Holdings
Source of classification or shelving scheme Damaged status Not for loan Home library Current library Shelving location Date of accession Cost, normal purchase price Total Checkouts Full call number Barcode Date last seen Date checked out Copy number Koha item type
Dewey Decimal Classification     JCC Rouf Library JCC Rouf Library General Stacks 09/03/2018 300.00 18 891.4435 DOY 2016 14572 10/15/2025 07/30/2025 C-1 Books
Dewey Decimal Classification     JCC Rouf Library JCC Rouf Library General Stacks 09/03/2018 300.00 17 891.4435 DOY 2016 14571 07/16/2025 07/03/2025 C-2 Books

JCC Library | Contacts | JCC Home

Last Update on 23 September 2017
Copyright @ 2017-2020 JCC Rouf Library
Rouf Library, Jhenidah Cadet College (JCC), Bangladesh